000
00314nam a22001337a 4500
020
_a
8183600603
082
_a
621.3678
_b
GUP/PR
100
_a
Gupta, R.K
_a
Subhash Chander
_9
317
245
_a
Principles of Geo Informatic
250
_a
5
260
_a
New Delhi
_b
Jain Brothers
_c
2011
300
_a
712
942
_c
BK
999
_c
14243
_d
14243